000 01058nac a22002291u 4500
010 _a 99067771
020 _a0030259169
082 0 0 _a338.5
_bN624
090 _c4044
_d4044
100 _aNicholson, Walter.
245 1 0 _aIntermediate microeconomics and its application /
_cWalter Nicholson.
250 _a8th ed.
260 _aFort Worth :
_bDryden Press,
_cc2000.
300 _axxx, 605 p. :
_bcol. ill. ;
_c24 cm.
440 4 _aThe Dryden Press series in economics
504 _aIncludes bibliographical references and index.
650 0 _aMicroeconomics.
942 _cBB
_k338.5N624
999 _c4044
_d4044